Sargento Getúlio (Record no. 182155)

MARC details
000 -LÍDER
campo de controle de tamanho fixo 00364 a2200169 4500
001 - NÚMERO DE CONTROLE
campo de controle 182155
020 ## - ISBN - INTERNATIONAL STANDARD BOOK NUMBER
ISBN - International Standard Book Number 85-209-0420-3
040 ## - FONTE DA CATALOGAÇÃO
Instituição que transcreveu o registro Magnum
100 ## - ENTRADA PRINCIPAL--NOME PESSOAL
Nome pessoal Ribeiro, João Ubaldo
240 10 - TÍTULO UNIFORME
Título uniforme Sargento Getúlio
Idioma da obra por
245 10 - TÍTULO
Título Sargento Getúlio
300 ## - DESCRIÇÃO FÍSICA
Extensão 157
362 0# - DATAS DE PUBLICAÇÃO E/OU DESIGNAÇÃO SEQUENCIAL
Datas de publicação e/ou designação sequencial 1982
440 #1 - DECLARAÇÃO DE SÉRIE/ENTRADA ADICIONADA--TÍTULO
Título Nova Fronteira
697 ## - ENTRADA DE ASSUNTO LOCAL--ENTIDADE COLETIVA (RLIN)
Nome corporativo ou nome da jurisdição LITERATURA GERAL
942 ## - ELEMENTOS DE ENTRADA ADICIONADOS (KOHA)
Tipo de material Koha Livros
Holdings
Situação do descarte Situação das perdas Situação física Não pode ser emprestado Biblioteca de origem Biblioteca atual Data de aquisição Total de empréstimos Número de chamada completo Código de barras Data de último acesso Data do preço efetivo Tipo de material Koha
        Magnum Magnum 08/06/2024   869.4.18 MAG00032703 08/06/2024 08/06/2024 Livros
        Magnum Magnum 08/06/2024   869.4.18 MAG00032704 08/06/2024 08/06/2024 Livros
        Magnum Magnum 08/06/2024   869.4.18 MAG00032705 08/06/2024 08/06/2024 Livros
        Magnum Magnum 08/06/2024   869.4.18 MAG00032706 08/06/2024 08/06/2024 Livros
        Magnum Magnum 08/06/2024   869.4.18 MAG00032707 08/06/2024 08/06/2024 Livros